<?xml version="1.0" encoding="UTF-8"?>
<record
    xmlns:xsi="http://www.w3.org/2001/XMLSchema-instance"
    xsi:schemaLocation="http://www.loc.gov/MARC21/slim http://www.loc.gov/standards/marcxml/schema/MARC21slim.xsd"
    xmlns="http://www.loc.gov/MARC21/slim">

  <leader>00899nam1a22002651  4500</leader>
  <controlfield tag="001">v19\rc\1877270</controlfield>
  <controlfield tag="005">20080221160105.8</controlfield>
  <datafield tag="035" ind1=" " ind2=" ">
    <subfield code="a">(NLR Aleph) 004988511</subfield>
  </datafield>
  <datafield tag="090" ind1=" " ind2=" ">
    <subfield code="a">6260535</subfield>
    <subfield code="c">6260535</subfield>
  </datafield>
  <datafield tag="100" ind1=" " ind2=" ">
    <subfield code="a">20260118              rusy50        </subfield>
  </datafield>
  <datafield tag="101" ind1="1" ind2=" ">
    <subfield code="a">rus</subfield>
    <subfield code="c">eng</subfield>
  </datafield>
  <datafield tag="102" ind1=" " ind2=" ">
    <subfield code="a">RU</subfield>
  </datafield>
  <datafield tag="105" ind1=" " ind2=" ">
    <subfield code="a">    z   |||||</subfield>
  </datafield>
  <datafield tag="200" ind1="1" ind2=" ">
    <subfield code="a">&#x41F;&#x43E;&#x43B;&#x43D;&#x43E;&#x435; &#x441;&#x43E;&#x431;&#x440;&#x430;&#x43D;&#x438;&#x435; &#x441;&#x43E;&#x447;&#x438;&#x43D;&#x435;&#x43D;&#x438;&#x439; &#x43A;&#x430;&#x43F;&#x438;&#x442;&#x430;&#x43D;&#x430; &#x41C;&#x430;&#x440;&#x440;&#x438;&#x44D;&#x442;&#x430;</subfield>
    <subfield code="e">[&#x412; 6 &#x442;. &#x422;. 1-6]</subfield>
  </datafield>
  <datafield tag="210" ind1=" " ind2=" ">
    <subfield code="a">&#x421;&#x430;&#x43D;&#x43A;&#x442;-&#x41F;&#x435;&#x442;&#x435;&#x440;&#x431;&#x443;&#x440;&#x433;</subfield>
    <subfield code="c">&#x41F;.&#x41F;. &#x421;&#x43E;&#x439;&#x43A;&#x438;&#x43D;</subfield>
    <subfield code="d">191?</subfield>
  </datafield>
  <datafield tag="215" ind1=" " ind2=" ">
    <subfield code="d">20</subfield>
  </datafield>
  <datafield tag="309" ind1=" " ind2=" ">
    <subfield code="a">&#x41A;&#x430;&#x436;&#x434;&#x43E;&#x435; &#x43F;&#x440;&#x43E;&#x438;&#x437;&#x432;&#x435;&#x434;&#x435;&#x43D;&#x438;&#x435; &#x438;&#x43C;&#x435;&#x435;&#x442; &#x43E;&#x442;&#x434;. &#x442;&#x438;&#x442;. &#x43B;.</subfield>
  </datafield>
  <datafield tag="700" ind1=" " ind2="1">
    <subfield code="6">z04790</subfield>
    <subfield code="a">&#x41C;&#x430;&#x440;&#x440;&#x438;&#x435;&#x442;</subfield>
    <subfield code="b">&#x424;.</subfield>
    <subfield code="f">1792-1848</subfield>
    <subfield code="g">&#x424;&#x440;&#x435;&#x434;&#x435;&#x440;&#x438;&#x43A;</subfield>
  </datafield>
  <datafield tag="790" ind1=" " ind2="1">
    <subfield code="6">z04700</subfield>
    <subfield code="a">&#x41C;&#x430;&#x440;&#x440;&#x438;&#x44D;&#x442;</subfield>
    <subfield code="b">&#x424;.</subfield>
    <subfield code="f">1792-1848</subfield>
    <subfield code="g">&#x424;&#x440;&#x435;&#x434;&#x435;&#x440;&#x438;&#x43A;</subfield>
  </datafield>
  <datafield tag="801" ind1=" " ind2="0">
    <subfield code="a">RU</subfield>
    <subfield code="b">NLR</subfield>
    <subfield code="g">psbo</subfield>
  </datafield>
  <datafield tag="801" ind1=" " ind2="0">
    <subfield code="a">RU</subfield>
    <subfield code="b">RuMoRGB</subfield>
    <subfield code="2">psbo</subfield>
  </datafield>
  <datafield tag="801" ind1=" " ind2="1">
    <subfield code="a">RU</subfield>
    <subfield code="b">ProSoft-M</subfield>
    <subfield code="2">rusmarc</subfield>
  </datafield>
  <datafield tag="852" ind1=" " ind2=" ">
    <subfield code="a">NLR</subfield>
    <subfield code="j">66-3/3212</subfield>
  </datafield>
  <datafield tag="942" ind1=" " ind2=" ">
    <subfield code="c">BOOK</subfield>
  </datafield>
  <datafield tag="980" ind1=" " ind2=" ">
    <subfield code="a">NB</subfield>
  </datafield>
</record>
